[Event "Vaujany op-A 6th"]
[Site "Vaujany"]
[Date "2015.07.15"]
[Round "7"]
[White "Di Nicolantonio, Lucas"]
[Black "Poulet, Pierre Emmanuel"]
[Result "0-1"]
[WhiteElo "2421"]
[BlackElo "2300"]
[PlyCount "60"]
[EventDate "2015.07.09"]
[EventType "swiss"]
[EventRounds "9"]
[EventCountry "FRA"]
[SourceTitle "EXT 2017"]
[Source "ChessBase"]
[SourceDate "2016.10.25"]
[SourceVersion "1"]
[SourceVersionDate "2016.10.25"]
[SourceQuality "1"]

1. d4 d5 2. c4 c6 3. Nc3 Nf6 4. e3 e6 5. Nf3 Nbd7 6. Bd3 dxc4 7. Bxc4 b5 8. Bd3 Bb7 9. 0-0 b4 10. Na4 c5 11. dxc5 Bxc5 12. Nxc5 Nxc5 13. Bb5+ Ke7 14. Qe2 Qb6 15. Bd2 a5 16. Rfd1 Rhd8 17. Be1 Nfe4 18. a3 Nd6 19. axb4 Nb3 20. Rxd6 Qxd6 21. Ra3 Qd1 22. Qxd1 Rxd1 23. Kf1 axb4 24. Rxa8 Bxa8 25. Ba4 Bd5 26. Ke2 Rb1 27. Bxb4+ Kd8 28. Kd3 Nc1+ 29. Kd4 Rxb2 30. Kc3 Rxf2 0-1

[Event "Cappelle op 30th"]
[Site "Cappelle la Grande"]
[Date "2014.03.01"]
[Round "1"]
[White "Bujisho, Benjamin"]
[Black "Poulet, Pierre Emmanuel"]
[Result "1-0"]
[WhiteElo "2376"]
[BlackElo "2144"]
[PlyCount "73"]
[EventDate "2014.03.01"]
[EventType "swiss"]
[EventRounds "9"]
[EventCountry "FRA"]
[SourceTitle "CBM 159 Extra"]
[Source "ChessBase"]
[SourceDate "2014.04.24"]
[SourceVersion "1"]
[SourceVersionDate "2014.04.24"]
[SourceQuality "1"]

1. d4 d5 2. c4 c6 3. Nc3 Nf6 4. Nf3 e6 5. Bg5 h6 6. Bxf6 Qxf6 7. e3 Nd7 8. Qc2 g6 9. Be2 dxc4 10. Bxc4 Bg7 11. 0-0 0-0 12. Rfd1 Qe7 13. h3 b6 14. a4 Bb7 15. a5 Rab8 16. axb6 axb6 17. Ra7 Rfd8 18. e4 Qd6 19. d5 exd5 20. exd5 c5 21. Nb5 Qf4 22. Re1 Ne5 23. Nxe5 Bxe5 24. g3 Qf6 25. Qe4 Re8 26. Kg2 Kg7 27. Rxb7 Bxg3 28. Qf3 Rxe1 29. Qxf6+ Kxf6 30. Rd7 Rc1 31. b3 Be5 32. d6 Bd4 33. Rxf7+ Ke5 34. Re7+ Kf5 35. Bd3+ Kf6 36. Nc7 Rf8 37. h4 1-0

[Event "Cap d'Agde CCAS op"]
[Site "Cap d'Agde"]
[Date "2013.10.27"]
[Round "2"]
[White "Poulet, Pierre Emmanuel"]
[Black "Pile, Richard"]
[Result "0-1"]
[WhiteElo "2147"]
[BlackElo "2393"]
[PlyCount "86"]
[EventDate "2013.10.26"]
[EventType "swiss"]
[EventRounds "9"]
[EventCountry "FRA"]
[SourceTitle "EXT 2016"]
[Source "ChessBase"]
[SourceDate "2015.10.08"]
[SourceVersion "1"]
[SourceVersionDate "2015.10.08"]
[SourceQuality "1"]

1. e4 c5 2. Nf3 Nc6 3. d4 cxd4 4. Nxd4 e5 5. Nb5 d6 6. N1c3 a6 7. Na3 Be7 8. Nc4 b5 9. Ne3 Nf6 10. Ned5 0-0 11. Be3 Nxd5 12. Nxd5 Bg5 13. Bd3 Be6 14. 0-0 Bxe3 15. Nxe3 Qb6 16. c3 Ne7 17. Qf3 Rfd8 18. Rfd1 Rac8 19. Qh5 a5 20. Qe2 b4 21. c4 a4 22. b3 Ra8 23. Nf5 Ng6 24. g3 Ra7 25. Bc2 axb3 26. axb3 Ra3 27. h4 Bxf5 28. exf5 Ne7 29. Qd2 d5 30. Rac1 Nc6 31. c5 Qa6 32. Bd3 Qc8 33. Bc2 f6 34. Kg2 Ra2 35. Qe1 e4 36. g4 Ne5 37. Qxb4 Nxg4 38. Qb6 Ra6 39. Qb5 Qxf5 40. Rd2 Qf3+ 41. Kg1 e3 42. Rf1 Ra1 43. Bd1 Rxd1 0-1

[Event "FRA-chT U20 16 GP Basse 1213"]
[Site "France"]
[Date "2013.05.19"]
[Round "10"]
[White "Bellaiche, Elise"]
[Black "Poulet, Pierre Emmanuel"]
[Result "1/2-1/2"]
[WhiteElo "1976"]
[BlackElo "2085"]
[PlyCount "112"]
[EventDate "2012.12.01"]
[EventType "team"]
[EventRounds "11"]
[EventCountry "FRA"]
[SourceTitle "EXT 2014"]
[Source "ChessBase"]
[SourceDate "2013.11.20"]
[SourceVersion "1"]
[SourceVersionDate "2013.11.20"]
[SourceQuality "1"]
[WhiteTeam "Villepinte (U20)"]
[BlackTeam "Sainte Foy (U20)"]
[WhiteTeamCountry "FRA"]
[BlackTeamCountry "FRA"]

1. e4 c5 2. c3 Nf6 3. e5 Nd5 4. d4 cxd4 5. Nf3 Nc6 6. cxd4 d6 7. Bc4 Nb6 8. Bb5 Bd7 9. exd6 e6 10. Bf4 Nd5 11. Bxc6 Bxc6 12. Be5 Bb5 13. Na3 Qa5+ 14. Qd2 Nb4 15. Nxb5 Qxb5 16. Qe2 Qxe2+ 17. Kxe2 f6 18. Bg3 Kd7 19. a3 Nd5 20. Nd2 Bxd6 21. Bxd6 Kxd6 22. Ne4+ Ke7 23. Rac1 Rac8 24. Rhe1 b6 25. g3 Kd7 26. Kd3 Rxc1 27. Rxc1 Rc8 28. Rxc8 Kxc8 29. Kc4 Kd7 30. b4 Nc7 31. a4 Kc6 32. b5+ Kd7 33. Nc3 Kd6 34. Ne4+ Kd7 35. Nc3 Ne8 36. Na2 Nd6+ 37. Kd3 Nf5 38. Nb4 Kd6 39. Ke4 Ne7 40. Kd3 Nd5 41. Nc2 e5 42. dxe5+ fxe5 43. Kc4 Nf6 44. Ne3 g6 45. f3 Nd7 46. Nd5 Nc5 47. Nc3 Ke6 48. a5 Nd7 49. a6 Nf6 50. h4 h6 51. g4 Kd6 52. Ne4+ Nxe4 53. fxe4 g5 54. hxg5 hxg5 55. Kb4 Ke6 56. Kc4 Kd6 1/2-1/2

[Event "FRA-ch U16"]
[Site "Saint Paul Trois Chateaux"]
[Date "2013.05.02"]
[Round "5"]
[White "Kambrath, Yannick"]
[Black "Poulet, Pierre Emmanuel"]
[Result "1-0"]
[WhiteElo "2266"]
[BlackElo "2149"]
[PlyCount "84"]
[EventDate "2013.04.28"]
[EventType "swiss"]
[EventRounds "9"]
[EventCountry "FRA"]
[SourceTitle "CBM 154 Extra"]
[Source "ChessBase"]
[SourceDate "2013.06.25"]
[SourceVersion "2"]
[SourceVersionDate "2013.06.25"]
[SourceQuality "1"]

1. d4 Nf6 2. c4 g6 3. Nc3 Bg7 4. e4 d6 5. Be2 0-0 6. Nf3 e5 7. 0-0 Nc6 8. d5 Ne7 9. Ne1 Nd7 10. Nd3 f5 11. Bd2 fxe4 12. Nxe4 Nf5 13. Bg5 Nf6 14. Rc1 Nd4 15. f3 Bf5 16. Ndf2 c5 17. Ng4 Bxe4 18. fxe4 h5 19. Nf2 Rf7 20. Qd2 Qf8 21. Bd3 Kh7 22. Nh3 Bh6 23. Rcd1 Bg7 24. Be3 Kg8 25. Ng5 Re7 26. Bxd4 cxd4 27. Ne6 Qe8 28. c5 Rxe6 29. dxe6 dxc5 30. Qg5 Ng4 31. Bc4 Bh6 32. e7+ Kh8 33. Qh4 Be3+ 34. Kh1 Bf4 35. Rxf4 exf4 36. h3 Nh6 37. Qxf4 Ng8 38. Qe5+ Kh7 39. Rf1 Qb8 40. Rf7+ Kh6 41. Qxb8 Rxb8 42. Rf8 Kh7 1-0

[Event "FRA-ch U14"]
[Site "Troyes"]
[Date "2010.04.16"]
[Round "7"]
[White "Rouffignac, Tanguy"]
[Black "Poulet, Pierre Emmanuel"]
[Result "1/2-1/2"]
[WhiteElo "1885"]
[BlackElo "1760"]
[PlyCount "54"]
[EventDate "2010.04.11"]
[EventType "swiss"]
[EventRounds "9"]
[EventCountry "FRA"]
[SourceTitle "EXT 2012"]
[Source "ChessBase"]
[SourceDate "2011.11.24"]
[SourceVersion "1"]
[SourceVersionDate "2011.11.24"]
[SourceQuality "1"]

1. e4 e6 2. d4 d5 3. e5 c5 4. c3 Qb6 5. Nf3 Nc6 6. a3 Nh6 7. b4 cxd4 8. cxd4 Nf5 9. Bb2 Bd7 10. g4 Nfe7 11. Nc3 Rc8 12. Na4 Qc7 13. Nc5 Ng6 14. Rc1 Be7 15. Qd2 Qb6 16. Be2 a5 17. Na4 Qd8 18. b5 Na7 19. Rxc8 Nxc8 20. 0-0 b6 21. Ne1 Na7 22. Nc3 0-0 23. Ng2 f6 24. f4 fxe5 25. fxe5 Bg5 26. Rxf8+ Kxf8 27. Qd1 Kg8 1/2-1/2

[Event "FRA-ch U14"]
[Site "Troyes"]
[Date "2010.04.12"]
[Round "2"]
[White "Viennot, Dylan"]
[Black "Poulet, Pierre Emmanuel"]
[Result "1-0"]
[WhiteElo "2017"]
[BlackElo "1760"]
[PlyCount "117"]
[EventDate "2010.04.11"]
[EventType "swiss"]
[EventRounds "9"]
[EventCountry "FRA"]
[SourceTitle "EXT 2012"]
[Source "ChessBase"]
[SourceDate "2011.11.24"]
[SourceVersion "1"]
[SourceVersionDate "2011.11.24"]
[SourceQuality "1"]

1. e4 e6 2. d4 d5 3. Nd2 Nf6 4. e5 Nfd7 5. Bd3 c5 6. c3 Nc6 7. Ne2 cxd4 8. cxd4 f6 9. exf6 Nxf6 10. 0-0 Bd6 11. Nf3 Qc7 12. Bg5 0-0 13. Bh4 Nh5 14. Qc2 h6 15. Bg6 Rxf3 16. gxf3 Bxh2+ 17. Kh1 Nf4 18. Ng3 Qd7 19. Rad1 Nxg6 20. Qxg6 e5 21. Nh5 Qf7 22. Qxf7+ Kxf7 23. Kxh2 g5 24. Bg3 Kg6 25. dxe5 Kxh5 26. Rxd5 Be6 27. Rd6 Re8 28. Kg2 Kg6 29. a3 Kf5 30. Re1 h5 31. b4 a6 32. Re3 h4 33. Bh2 Re7 34. Re4 Re8 35. a4 Na7 36. Re1 Nc8 37. Rd4 Nb6 38. a5 Nd5 39. Red1 Rd8 40. Kf1 Rd7 41. Ke1 Rd8 42. Rc1 Re8 43. Rc5 Rd8 44. b5 axb5 45. Rxb5 Rd7 46. Kd2 Kg6 47. Rd3 Kf5 48. Ke1 Kg6 49. Rdb3 Nc7 50. Rb6 Kf5 51. Rb2 Na6 52. Rxb7 Rd5 53. R2b6 Nc5 54. Rf7+ Kg6 55. Rf6+ Kh5 56. Rfxe6 Nxe6 57. Rxe6 Rxa5 58. Rd6 Ra1+ 59. Ke2 1-0